000 01692cam a22004694i 4500
003 PE-LiUPU
005 20250731173458.0
008 150616s1993 xxk rb 000 0 eng d
020 _a0385423489
035 _a(Sirsi) i9780385423489
040 _aPE-LiUPU
_bspa
_cPE-LiUPU
_erda
049 _aPRUA
082 0 4 _a221.6
_bP35
_221
100 1 _aPeckham, Brian,
_eautor.
245 1 0 _aHistory and Prophecy; The development of late Judean literary traditions.
264 1 _aNew York :
_bDoubleday,
_c1993.
300 _a880 páginas ;
_c24 centímetros
336 _atext
_2rdacontent
337 _aunmediated
_2rdamedia
338 _avolume
_2rdacarrier
504 _aIncluye bibliografía.
505 0 _aThe foundations of belief -- The prophetic paradigms -- The reformation -- Decline and fall -- The deuteronomistic history -- Revision and response -- The politics of the new age.
526 _aSEG42
526 _aSEG41
526 _aSEG40
526 _aSEG39
526 _aP94
526 _aP87
526 _aP86
526 _aP85
526 _aP77
526 _aP76
526 _aP35
650 0 4 _aLITERATURA JUDIA - EPOCA ANTIGUA - RELACION CON EL ANTIGUO TESTAMENTO.
910 _ajck
_bjvq
_cjck
942 _2ddc
_cBOOK
949 _a221.6 P35
_wDEWEY
_c1
_i40174
_lCCODEBUL1
_mBUL
_r0
_sY
_tBOOK
_u2015-6-16
_xTEOLOGIA
_zUNKNOWN
_0COMPRA
_o.STAFF. Colección Teología
994 _aC0
_bPEPRU
596 _a1
999 _a221.6 P35
_wDEWEY
_c57967
_i40174
_e2017-4-4
_f2021-11-9
_g5
_lCCODEBUL1
_mBUL
_n1
_p45.00
_r0
_sY
_tBOOK
_u2015-6-16
_xTEOLOGIA
_PP35
_0COMPRA
_o.STAFF. Colección Teología
_d57967
980 _81
_gALBERTO SANCHEZ Responsable de Automatización